000 00445nam a2200193Ia 4500
005 20241216010843.0
008 190212s9999||||xx |||||||||||||| ||und||
082 _a155.6
_bC61
100 _aCLEMENTE CARRION, ANTONIO
245 0 _aPSICOLOGIA DEL DESARROLLO ADULTO
250 _a0
260 _c1998
300 _a0 pag
_c0 cm
341 _h0
490 _v0
_a0
541 _aC
_d21-Jun-03
_oSoles
650 _aFILOSOFIA
942 _cLIBRO
999 _c25876
_d25876